00568nmm a2200169Ia 4500008004100000020001800041041000800059100002200067245008200089264006500171300001800236490002600254650004300280856005100323942000700374999001700381251105s9999||||xx |||||||||||||||||und|| a9781558854239 aeng aJourdane, Maurice 4aThe struggle for the health and legal protection of farm workers : el cortito a[Washington, Estados Unidos] :bArte Público Press, c2005 a192 páginas aHispanic Civil Rights aHistory of the Americas: North America uhttps://public.digitaliapublishing.com/a/23275 cCF c74770d74770